مكتبة جامعة عجلون الوطنية

فهرس بحث المكتبة

Normal view MARC view
  • تعليم عالي-ضبط الجودة-تنظيم وإدارة. جامعات وكليات -تكنولوجيا

Entry Topical Term

Number of records used in: 1

001 - CONTROL NUMBER

  • control field: 34422

003 - CONTROL NUMBER IDENTIFIER

  • control field: JO-AjAnu

005 - DATE AND TIME OF LATEST TRANSACTION

  • control field: 20230606075751.0

008 - FIXED-LENGTH DATA ELEMENTS

  • fixed length control field: 230606|| aca||aabn | a|a d

040 ## - CATALOGING SOURCE

  • Original cataloging agency: JO-AjAnu
  • Transcribing agency: JO-AjAnu

150 ## - HEADING--TOPICAL TERM

  • Topical term or geographic name entry element: تعليم عالي-ضبط الجودة-تنظيم وإدارة. جامعات وكليات -تكنولوجيا

670 ## - SOURCE DATA FOUND

  • Source citation: Work cat.: (JO-AjAnu)17680: عبد الغفور،همام عبد الخالق مؤلف/العزاوي،محمد عبد الوهاب م.مشارك, author 34421, إستراتيجية الجودة والإعتماد الأكاديمي في ظل سياسات العلم والتكنولوجيا